[Event "GBR-ch110 Major Open"]
[Site "Hull"]
[Date "2024.08.04"]
[Round "9.16"]
[White "Metcalfe, Charlie P"]
[Black "Vaidyanathan, Adithya"]
[Result "0-1"]
[WhiteElo "1898"]
[BlackElo "1985"]
[PlyCount "64"]
[EventDate "2024.07.27"]
[EventType "swiss"]
[EventRounds "9"]
[EventCountry "GBR"]
[SourceTitle "BritBase"]
[Source "John Saunders"]
[SourceDate "2025.02.20"]
[SourceVersion "1"]
[SourceVersionDate "2025.02.20"]
[SourceQuality "1"]

1. d4 Nf6 2. c4 c5 3. d5 b5 4. cxb5 a6 5. b6 e6 6. Nc3 exd5 7. Nxd5 Nxd5 8. Qxd5 Nc6 9. e4 Rb8 10. Bc4 Qe7 11. Bf4 Rxb6 12. Rd1 Rxb2 13. Nf3 Bb7 14. Bb3 Nd8 15. Qe5 Bxe4 16. Qxb2 Bxf3+ 17. Be3 Bxd1 18. Bxd1 Qf6 19. Qe2 Be7 20. Bxc5 Qc3+ 21. Kf1 Qxc5 22. Qxa6 O-O 23. h4 Ne6 24. Rh3 Qc1 25. Qa4 Nc5 26. Qg4 Rb8 27. Re3 Bf8 28. Qd4 Ne6 29. Qg4 Rb4 30. Qe2 Rb1 31. Ke1 Nf4 32. Qg4 Bb4+ 0-1

[Event "GBR-ch110 Major Open"]
[Site "Hull"]
[Date "2024.08.04"]
[Round "9.17"]
[White "Angst, Oliver"]
[Black "McCarthy, Damian M"]
[Result "1/2-1/2"]
[WhiteElo "2068"]
[BlackElo "1880"]
[PlyCount "38"]
[EventDate "2024.07.27"]
[EventType "swiss"]
[EventRounds "9"]
[EventCountry "GBR"]
[SourceTitle "BritBase"]
[Source "John Saunders"]
[SourceDate "2025.02.20"]
[SourceVersion "1"]
[SourceVersionDate "2025.02.20"]
[SourceQuality "1"]

1. b3 e5 2. Bb2 Nc6 3. e3 Nf6 4. Bb5 Bd6 5. Na3 a6 6. Bxc6 dxc6 7. Nc4 Qe7 8. Nxd6+ cxd6 9. Ne2 O-O 10. f4 a5 11. O-O a4 12. c4 axb3 13. axb3 Bg4 14. h3 Bxe2 15. Qxe2 Ne4 16. Rxa8 Rxa8 17. fxe5 dxe5 18. Ra1 Rxa1+ 19. Bxa1 f6 1/2-1/2

[Event "GBR-ch110 Major Open"]
[Site "Hull"]
[Date "2024.08.04"]
[Round "9.18"]
[White "Shaw, Peter"]
[Black "Welling, Zac"]
[Result "0-1"]
[WhiteElo "2041"]
[BlackElo "1887"]
[PlyCount "52"]
[EventDate "2024.07.27"]
[EventType "swiss"]
[EventRounds "9"]
[EventCountry "GBR"]
[SourceTitle "BritBase"]
[Source "John Saunders"]
[SourceDate "2025.02.20"]
[SourceVersion "1"]
[SourceVersionDate "2025.02.20"]
[SourceQuality "1"]

1. d4 Nf6 2. c4 g6 3. Nc3 Bg7 4. e4 d6 5. Nf3 O-O 6. Be2 e5 7. Be3 exd4 8. Nxd4 Re8 9. f3 c6 10. Qd2 d5 11. exd5 cxd5 12. O-O Nc6 13. Nxc6 bxc6 14. cxd5 Nxd5 15. Bg5 Qb6+ 16. Kh1 Nxc3 17. bxc3 Qa5 18. Bc4 Bxc3 19. Qf4 Be6 20. Bxe6 Rxe6 21. Rac1 Rae8 22. Qc4 Qxg5 23. Rxc3 Re2 24. Rg1 Rxg2 25. Qf1 Rxh2+ 26. Kxh2 Qe5+ 0-1

[Event "GBR-ch110 Major Open"]
[Site "Hull"]
[Date "2024.08.04"]
[Round "9.21"]
[White "Dishman, Matthew"]
[Black "Stephenson, David W"]
[Result "1-0"]
[WhiteElo "1936"]
[BlackElo "1836"]
[PlyCount "59"]
[EventDate "2024.07.27"]
[EventType "swiss"]
[EventRounds "9"]
[EventCountry "GBR"]
[SourceTitle "BritBase"]
[Source "John Saunders"]
[SourceDate "2025.02.20"]
[SourceVersion "1"]
[SourceVersionDate "2025.02.20"]
[SourceQuality "1"]

1. e4 e5 2. Nf3 Nc6 3. c3 Nf6 4. d4 exd4 5. e5 Nd5 6. cxd4 Be7 7. Qb3 Ndb4 8. a3 Na6 9. d5 Ncb8 10. Nc3 O-O 11. Qc2 Re8 12. Bd3 g6 13. Bh6 Nc5 14. O-O-O b6 15. h4 Nxd3+ 16. Qxd3 Na6 17. h5 Nc5 18. Qc2 g5 19. Rh3 d6 20. Rg3 g4 21. e6 Nxe6 22. Rxg4+ Ng5 23. Nxg5 f5 24. Rg3 Bxg5+ 25. Bxg5 Qd7 26. Bh6+ Kh8 27. Qd2 c5 28. Qg5 Qf7 29. Bg7+ Kg8 30. Bf6+ 1-0

[Event "GBR-ch110 Major Open"]
[Site "Hull"]
[Date "2024.08.04"]
[Round "9.22"]
[White "McBeath, Joel"]
[Black "Izod, Chris"]
[Result "1/2-1/2"]
[WhiteElo "1806"]
[BlackElo "1924"]
[PlyCount "101"]
[EventDate "2024.07.27"]
[EventType "swiss"]
[EventRounds "9"]
[EventCountry "GBR"]
[SourceTitle "BritBase"]
[Source "John Saunders"]
[SourceDate "2025.02.20"]
[SourceVersion "1"]
[SourceVersionDate "2025.02.20"]
[SourceQuality "1"]

1. e4 e6 2. d4 d5 3. Nd2 c5 4. exd5 Qxd5 5. Ngf3 cxd4 6. Bc4 Qd6 7. O-O Nf6 8. Nb3 Nc6 9. Nbxd4 Nxd4 10. Nxd4 Be7 11. c3 O-O 12. Re1 Qc7 13. Bb3 Bd7 14. Qf3 a5 15. Nf5 Bd8 16. Bf4 Qb6 17. Nxg7 Kxg7 18. Be5 Rg8 19. Re4 Bc6 20. Bxf6+ Bxf6 21. Rg4+ Kf8 22. Rxg8+ Kxg8 23. Qxf6 Qd8 24. Qf4 Qd3 25. Rd1 Qe4 26. Qxe4 Bxe4 27. f3 Bc6 28. Kf2 Kf8 29. Rd4 a4 30. Bc2 a3 31. b3 f5 32. f4 Ke7 33. g3 Rc8 34. Ke3 h6 35. c4 b5 36. cxb5 Bxb5 37. Bd3 Bd7 38. Kd2 h5 39. b4 h4 40. b5 hxg3 41. hxg3 Rg8 42. b6 Bc6 43. Ba6 Rxg3 44. Kc2 Be4+ 45. Bd3 Rg2+ 46. Kc3 Rxa2 47. Bxe4 fxe4 48. Rxe4 Rb2 49. f5 Rxb6 50. Rxe6+ Rxe6 51. fxe6 1/2-1/2

[Event "GBR-ch110 Major Open"]
[Site "Hull"]
[Date "2024.08.04"]
[Round "9.23"]
[White "Rich, Aaron"]
[Black "Sefton, Adam"]
[Result "0-1"]
[WhiteElo "1799"]
[BlackElo "1908"]
[PlyCount "120"]
[EventDate "2024.07.27"]
[EventType "swiss"]
[EventRounds "9"]
[EventCountry "GBR"]
[SourceTitle "BritBase"]
[Source "John Saunders"]
[SourceDate "2025.02.20"]
[SourceVersion "1"]
[SourceVersionDate "2025.02.20"]
[SourceQuality "1"]

1. b3 e5 2. Bb2 Nc6 3. e3 Nf6 4. Bb5 Bd6 5. Ne2 a6 6. Bxc6 dxc6 7. O-O e4 8. f4 h5 9. Nbc3 h4 10. h3 Qe7 11. a4 Bf5 12. Qe1 O-O-O 13. Nd1 c5 14. Bc3 Rdg8 15. Kh1 g5 16. fxg5 Rxg5 17. Nf4 Rhg8 18. Qxh4 Nh5 19. Rf2 Nxf4 20. exf4 Rxg2 21. Rxg2 Qxh4 22. Rxg8+ Kd7 23. Be5 Qxh3+ 24. Kg1 Bxe5 25. fxe5 Bg4 26. Ne3 Qg3+ 27. Ng2 Qxe5 28. Rf1 Bf3 29. Ne3 f5 30. Rg5 Qh8 31. Ng2 Qh6 32. Rxf5 Qg6 33. R1xf3 exf3 34. Rxf3 Qxc2 35. Nf4 Qd1+ 36. Kg2 Qxd2+ 37. Kg3 Qc2 38. Nd3 Kd6 39. Nf2 c4 40. bxc4 Qxc4 41. Rf4 Qb3+ 42. Kg4 c5 43. Ne4+ Ke5 44. Ng5 c4 45. Nf3+ Kd6 46. Nd2 Qd1+ 47. Nf3 Qxa4 48. Kf5 Qc2+ 49. Kf6 Qb2+ 50. Kg5 c3 51. Rf6+ Kc7 52. Nd4 c2 53. Ne6+ Kb8 54. Rf8+ Ka7 55. Nd8 c1=Q+ 56. Kg6 Qg2+ 57. Kf7 Qf4+ 58. Ke7 Qge4+ 59. Ne6 Qc7+ 60. Kf6 Qce5+ 0-1

[Event "GBR-ch110 Major Open"]
[Site "Hull"]
[Date "2024.08.04"]
[Round "9.24"]
[White "Brencher, Paul"]
[Black "Rubeck, Jonathan"]
[Result "1-0"]
[WhiteElo "1899"]
[BlackElo "1833"]
[PlyCount "52"]
[EventDate "2024.07.27"]
[EventType "swiss"]
[EventRounds "9"]
[EventCountry "GBR"]
[SourceTitle "BritBase"]
[Source "John Saunders"]
[SourceDate "2025.02.20"]
[SourceVersion "1"]
[SourceVersionDate "2025.02.20"]
[SourceQuality "1"]

1. d4 Nf6 2. Nc3 d5 3. Bf4 e6 4. Nb5 Na6 5. e3 Be7 6. Nf3 O-O 7. Ne5 Ne4 8. f3 f6 9. fxe4 fxe5 10. Bxe5 Bf6 11. Bg3 c5 12. c3 Bg5 13. Qd2 Bd7 14. Nd6 Qb6 15. Be2 Be7 16. e5 Bg5 17. Bf4 Bh4+ 18. g3 Be7 19. h4 Nc7 20. O-O-O a6 21. h5 Nb5 22. Bd3 Bxd6 23. h6 g6 24. Bxg6 hxg6 25. h7+ Kh8 26. exd6 Nxd6 1-0

[Event "GBR-ch110 Major Open"]
[Site "Hull"]
[Date "2024.08.04"]
[Round "9.25"]
[White "Ashworth, Robert M"]
[Black "Chris Biju, Calvin"]
[Result "1/2-1/2"]
[WhiteElo "1845"]
[BlackElo "2008"]
[PlyCount "97"]
[EventDate "2024.07.27"]
[EventType "swiss"]
[EventRounds "9"]
[EventCountry "GBR"]
[SourceTitle "BritBase"]
[Source "John Saunders"]
[SourceDate "2025.02.20"]
[SourceVersion "1"]
[SourceVersionDate "2025.02.20"]
[SourceQuality "1"]

1. e4 e6 2. d4 d5 3. Nd2 Nf6 4. e5 Nfd7 5. Bd3 c5 6. c3 Nc6 7. Ne2 cxd4 8. cxd4 f6 9. exf6 Nxf6 10. Nf3 Bd6 11. O-O Qc7 12. h3 O-O 13. Nc3 a6 14. Re1 e5 15. dxe5 Nxe5 16. Be2 Be6 17. Ng5 Bf7 18. Nxf7 Qxf7 19. Be3 Rae8 20. Qd2 Bb4 21. Qd4 Nc6 22. Qh4 Ne4 23. Bd3 Be7 24. Qg4 Ne5 25. Qe2 Nxf2 26. Bxh7+ Kxh7 27. Bxf2 Qxf2+ 28. Qxf2 Rxf2 29. Rxe5 Rxb2 30. Kh1 Rc8 31. Nxd5 Bd6 32. Re6 Rxa2 33. Rf1 Bb8 34. Re4 g6 35. Nf6+ Kg7 36. Re7+ Kf8 37. Nd5+ Kg8 38. Nf6+ Kf8 39. Rxb7 Rf2 40. Nd7+ Kg8 41. Re1 Bg3 42. Rb6 Kf7 43. Ne5+ Bxe5 44. Rxe5 Ra8 45. Rc5 a5 46. Rc7+ Kf8 47. Rxg6 a4 48. Rh6 Kg8 49. Rg6+ 1/2-1/2

[Event "GBR-ch110 Major Open"]
[Site "Hull"]
[Date "2024.08.04"]
[Round "9.26"]
[White "Rastogi, Nayan Keats"]
[Black "Pick, Freddie"]
[Result "0-1"]
[WhiteElo "1859"]
[BlackElo "1955"]
[PlyCount "32"]
[EventDate "2024.07.27"]
[EventType "swiss"]
[EventRounds "9"]
[EventCountry "GBR"]
[SourceTitle "BritBase"]
[Source "John Saunders"]
[SourceDate "2025.02.20"]
[SourceVersion "1"]
[SourceVersionDate "2025.02.20"]
[SourceQuality "1"]

1. e4 e5 2. Nf3 Nc6 3. Bb5 a6 4. Ba4 Nf6 5. O-O Be7 6. Re1 b5 7. Bb3 O-O 8. a4 Bb7 9. c3 d5 10. exd5 Nxd5 11. Nxe5 Nxe5 12. Rxe5 Nf4 13. axb5 Bd6 14. Re3 Nxg2 15. Rg3 Bxg3 16. hxg3 Re8 0-1

[Event "GBR-ch110 Major Open"]
[Site "Hull"]
[Date "2024.08.04"]
[Round "9.27"]
[White "Sasikumar, Srivathsan"]
[Black "Diniz Afonso, Davi"]
[Result "1/2-1/2"]
[WhiteElo "1900"]
[BlackElo "1840"]
[PlyCount "98"]
[EventDate "2024.07.27"]
[EventType "swiss"]
[EventRounds "9"]
[EventCountry "GBR"]
[SourceTitle "BritBase"]
[Source "John Saunders"]
[SourceDate "2025.02.20"]
[SourceVersion "1"]
[SourceVersionDate "2025.02.20"]
[SourceQuality "1"]

1. e4 e5 2. Nc3 Bc5 3. Nf3 d6 4. h3 Nc6 5. Bc4 a6 6. d3 Nf6 7. Bg5 Na5 8. Bb3 Nxb3 9. axb3 c6 10. O-O Bb6 11. d4 Qe7 12. dxe5 dxe5 13. Qe2 O-O 14. Rfd1 h6 15. Bh4 Qe6 16. Bg3 Bc7 17. Na4 Nh5 18. Bh2 Nf4 19. Bxf4 exf4 20. Nc5 Qg6 21. Kh1 Qh5 22. Nd3 g5 23. e5 Bb6 24. c4 Bf5 25. b4 Rad8 26. Nc5 Bxc5 27. bxc5 Bg4 28. Kh2 Bxf3 29. gxf3 Qg6 30. Rd6 Qg7 31. Rad1 Rde8 32. Re1 Re7 33. e6 Rfe8 34. Qc2 Rxe6 35. Rexe6 fxe6 36. b4 Re7 37. Qe4 Kf7 38. Kg2 Qg6 39. Qe5 Qf6 40. Qe4 Qg6 41. Qd4 Qg7 42. Qd3 Qg6 43. Qd2 Qf6 44. Rd8 Kg6 45. Kh2 e5 46. Qd3+ Kg7 47. Rc8 Qe6 48. Rd8 Qf6 49. Qe4 Qf7 1/2-1/2

[Event "GBR-ch110 Major Open"]
[Site "Hull"]
[Date "2024.08.04"]
[Round "9.28"]
[White "Lewis, Christopher D"]
[Black "May, Paul"]
[Result "1-0"]
[WhiteElo "1885"]
[BlackElo "1827"]
[PlyCount "145"]
[EventDate "2024.07.27"]
[EventType "swiss"]
[EventRounds "9"]
[EventCountry "GBR"]
[SourceTitle "BritBase"]
[Source "John Saunders"]
[SourceDate "2025.02.20"]
[SourceVersion "1"]
[SourceVersionDate "2025.02.20"]
[SourceQuality "1"]

1. d4 g6 2. e4 Bg7 3. Nc3 a6 4. h4 h5 5. Nf3 d6 6. Bd3 Bg4 7. Be3 Nc6 8. Be2 Qd7 9. Qd2 Bxf3 10. Bxf3 e5 11. Ne2 exd4 12. Nxd4 Ne5 13. Be2 Ng4 14. Bf4 Qa4 15. c3 N8f6 16. f3 Ne5 17. Bd1 Qd7 18. a4 O-O 19. O-O Nc4 20. Qc1 c5 21. Nb3 Ne5 22. Bxe5 dxe5 23. Nxc5 Qc6 24. Nd3 Rad8 25. Qe3 Rfe8 26. Kh1 Kh7 27. Nb4 Qe6 28. Ra3 Bf8 29. Bb3 Qd7 30. Rd1 Qc7 31. Raa1 Bh6 32. Qa7 Ra8 33. Qf2 Bf8 34. Nd5 Nxd5 35. Rxd5 Rad8 36. Rad1 Rxd5 37. Rxd5 b6 38. Qd2 Re7 39. Rd8 Bh6 40. Qd3 Bf4 41. Qd5 Kg7 42. Qa8 Qc5 43. Rg8+ Kf6 44. Qf8 Rd7 45. Qg7+ Ke7 46. Qxf7+ Kd6 47. Qd5+ Kc7 48. Qxc5+ bxc5 49. Bd5 Rd6 50. Rg7+ Kc8 51. Kg1 Bg3 52. Kf1 Bxh4 53. Ke2 Bg3 54. Kd3 Kd8 55. Kc4 Bf2 56. b3 h4 57. f4 Bg3 58. Kxc5 Rf6 59. fxe5 Bxe5 60. Rg8+ Kd7 61. b4 Bxc3 62. b5 axb5 63. axb5 Kc7 64. Rg7+ Kc8 65. Rh7 g5 66. b6 Be5 67. b7+ Kd8 68. Rh8+ Ke7 69. b8=Q Bxb8 70. Rxb8 Rf2 71. Rb7+ Ke8 72. Kd6 Rf6+ 73. Be6 1-0

[Event "GBR-ch110 Major Open"]
[Site "Hull"]
[Date "2024.08.04"]
[Round "9.29"]
[White "Garnett, John S"]
[Black "Mize, Dylan"]
[Result "1-0"]
[WhiteElo "1879"]
[BlackElo "1824"]
[PlyCount "89"]
[EventDate "2024.07.27"]
[EventType "swiss"]
[EventRounds "9"]
[EventCountry "GBR"]
[SourceTitle "BritBase"]
[Source "John Saunders"]
[SourceDate "2025.02.20"]
[SourceVersion "1"]
[SourceVersionDate "2025.02.20"]
[SourceQuality "1"]

1. d4 d5 2. c4 e6 3. Nc3 Nf6 4. Bg5 Nbd7 5. cxd5 exd5 6. e3 c6 7. Bd3 Be7 8. Qc2 O-O 9. Nf3 h6 10. Bf4 Re8 11. O-O Nf8 12. Rab1 a5 13. a3 Be6 14. b4 b5 15. Ne5 Qb6 16. Rfc1 Rec8 17. Ne2 Bd7 18. Bf5 axb4 19. axb4 Ra4 20. Bxd7 N6xd7 21. Nxc6 Re8 22. Nxe7+ Rxe7 23. Nc3 Qe6 24. Nxa4 bxa4 25. Qxa4 Ng6 26. Rc6 Qf5 27. Qc2 Qg4 28. Bg3 h5 29. h3 Qg5 30. Qd1 Nf6 31. Qf3 Ne4 32. Rc8+ Kh7 33. Rbc1 Nd2 34. Qe2 Nb3 35. Rd1 h4 36. Bh2 Rb7 37. Qd3 Rxb4 38. Rb1 Nd2 39. Rxb4 Nf3+ 40. Kh1 Ne1 41. Qf1 f5 42. Qxe1 f4 43. Bxf4 Nxf4 44. exf4 Qg6 45. Qb1 1-0

[Event "GBR-ch110 Major Open"]
[Site "Hull"]
[Date "2024.08.04"]
[Round "9.30"]
[White "Cheng, Louis"]
[Black "Kumar, Arnav"]
[Result "1-0"]
[WhiteElo "1876"]
[BlackElo "1803"]
[PlyCount "83"]
[EventDate "2024.07.27"]
[EventType "swiss"]
[EventRounds "9"]
[EventCountry "GBR"]
[SourceTitle "BritBase"]
[Source "John Saunders"]
[SourceDate "2025.02.20"]
[SourceVersion "1"]
[SourceVersionDate "2025.02.20"]
[SourceQuality "1"]

1. e4 c6 2. d4 d5 3. Nc3 dxe4 4. Nxe4 Nf6 5. Nxf6+ exf6 6. c3 Bd6 7. Bd3 O-O 8. Qc2 Re8+ 9. Ne2 h5 10. Be3 Nd7 11. c4 Bb4+ 12. Bd2 Qa5 13. a3 Bxd2+ 14. Qxd2 Qxd2+ 15. Kxd2 Nf8 16. Rhe1 Bd7 17. Ng3 Ne6 18. Kc3 Nf4 19. Bf1 f5 20. h4 Ng6 21. Nxh5 Nxh4 22. Bd3 f6 23. c5 Kf7 24. Bc4+ Be6 25. Rxe6 Rxe6 26. Nf4 g5 27. Nxe6 Kg6 28. g3 Nf3 29. Be2 Re8 30. Bxf3 Rxe6 31. Rd1 g4 32. Bg2 Re2 33. Rd2 Re1 34. d5 cxd5 35. Bxd5 Rc1+ 36. Rc2 Rd1 37. Bxb7 Rd7 38. c6 Re7 39. Rd2 Rc7 40. Rd7 Rxd7 41. cxd7 Kf7 42. d8=Q 1-0

[Event "GBR-ch110 Major Open"]
[Site "Hull"]
[Date "2024.08.04"]
[Round "9.31"]
[White "Vashisht-Pigem, Raman"]
[Black "Vaddhireddy, Sai"]
[Result "1/2-1/2"]
[WhiteElo "1863"]
[BlackElo "1724"]
[PlyCount "59"]
[EventDate "2024.07.27"]
[EventType "swiss"]
[EventRounds "9"]
[EventCountry "GBR"]
[SourceTitle "BritBase"]
[Source "John Saunders"]
[SourceDate "2025.02.20"]
[SourceVersion "1"]
[SourceVersionDate "2025.02.20"]
[SourceQuality "1"]

1. e4 c6 2. Nf3 d5 3. Nc3 dxe4 4. Nxe4 Nf6 5. Qe2 Nxe4 6. Qxe4 Nd7 7. c3 Nf6 8. Qc2 g6 9. d4 Bf5 10. Bd3 Bxd3 11. Qxd3 Bg7 12. O-O O-O 13. Re1 Qc7 14. Bg5 Rfe8 15. a4 a5 16. Ne5 Nd5 17. Bh4 Qb6 18. Nc4 Qa6 19. Bg3 Nb6 20. Ne5 Bxe5 21. Qxa6 Rxa6 22. Bxe5 Nc4 23. Bc7 Nxb2 24. Reb1 Rc8 25. Rxb2 Rxc7 26. Kf1 b5 27. axb5 cxb5 28. Rxb5 a4 29. Ra3 Rac6 30. Rb4 1/2-1/2

[Event "GBR-ch110 Major Open"]
[Site "Hull"]
[Date "2024.08.04"]
[Round "9.32"]
[White "Sheikh, Anum"]
[Black "Swiatkowski, Dominik"]
[Result "0-1"]
[WhiteElo "1862"]
[BlackElo "1523"]
[PlyCount "106"]
[EventDate "2024.07.27"]
[EventType "swiss"]
[EventRounds "9"]
[EventCountry "GBR"]
[SourceTitle "BritBase"]
[Source "John Saunders"]
[SourceDate "2025.02.20"]
[SourceVersion "1"]
[SourceVersionDate "2025.02.20"]
[SourceQuality "1"]

1. e4 e5 2. Nf3 Nc6 3. d4 exd4 4. Nxd4 Nf6 5. Nxc6 bxc6 6. Bd3 d5 7. e5 Ng4 8. O-O Be7 9. Bf4 f6 10. e6 Bxe6 11. Re1 Qd7 12. Qe2 Kf7 13. h3 Nh6 14. Qh5+ Kg8 15. Bxh6 gxh6 16. Qxh6 Rf8 17. Re3 Bd6 18. Nd2 Bf5 19. Rae1 Bxd3 20. cxd3 Qg7 21. Qxg7+ Kxg7 22. Nb3 Kf7 23. d4 Rb8 24. g3 a5 25. R1e2 a4 26. Na5 Rb6 27. Rc2 Rhb8 28. Ree2 Re8 29. Re3 Rxe3 30. fxe3 Ke6 31. a3 Kf5 32. Kf2 Ke4 33. Nxc6 Kd3 34. Rc3+ Kd2 35. Nb4 Bxb4 36. axb4 Rxb4 37. Rxc7 Rxb2 38. Ra7 Rb4 39. Kf3 Kc3 40. Kf4 Kb3 41. Kf5 a3 42. Ke6 Ra4 43. Rb7+ Kc2 44. Rc7+ Kd2 45. Rb7 a2 46. Rb2+ Kxe3 47. Rxa2 Rxa2 48. Kxd5 Ra5+ 49. Ke6 Kxd4 50. Kxf6 Ke4 51. g4 Kf4 52. Kg7 Ra7+ 53. Kh6 Kg3 0-1

[Event "GBR-ch110 Major Open"]
[Site "Hull"]
[Date "2024.08.04"]
[Round "9.33"]
[White "Cowan, Xavier"]
[Black "Storey, Cameron"]
[Result "1-0"]
[WhiteElo "1824"]
[BlackElo "1860"]
[PlyCount "45"]
[EventDate "2024.07.27"]
[EventType "swiss"]
[EventRounds "9"]
[EventCountry "GBR"]
[SourceTitle "BritBase"]
[Source "John Saunders"]
[SourceDate "2025.02.20"]
[SourceVersion "1"]
[SourceVersionDate "2025.02.20"]
[SourceQuality "1"]

1. d4 g6 2. c4 Bg7 3. Nc3 c5 4. d5 Bxc3+ 5. bxc3 f5 6. Nf3 Qa5 7. Qb3 d6 8. e3 Bd7 9. Rb1 b6 10. Bd3 Nf6 11. O-O e5 12. dxe6 Bxe6 13. Ng5 Bd7 14. e4 h6 15. exf5 hxg5 16. Re1+ Kf8 17. Bxg5 Ne8 18. fxg6 Nc6 19. Qd1 Kg7 20. Qf3 Rf8 21. Bh6+ Kxh6 22. Qxf8+ Kg5 23. f4+ 1-0

[Event "GBR-ch110 Major Open"]
[Site "Hull"]
[Date "2024.08.04"]
[Round "9.34"]
[White "Bedi, Adam"]
[Black "Neenan, Henry"]
[Result "1-0"]
[WhiteElo "1903"]
[BlackElo "1793"]
[PlyCount "105"]
[EventDate "2024.07.27"]
[EventType "swiss"]
[EventRounds "9"]
[EventCountry "GBR"]
[SourceTitle "BritBase"]
[Source "John Saunders"]
[SourceDate "2025.02.20"]
[SourceVersion "1"]
[SourceVersionDate "2025.02.20"]
[SourceQuality "1"]

1. d4 Nf6 2. c4 b6 3. Nc3 e6 4. e4 Bb7 5. Bd3 c5 6. d5 exd5 7. cxd5 d6 8. Nf3 g6 9. O-O Bg7 10. Bf4 O-O 11. Nd2 Nh5 12. Be3 Ba6 13. Bxa6 Nxa6 14. Nc4 Nc7 15. a4 Re8 16. Qc2 Na6 17. f3 Nb4 18. Qd2 Rb8 19. g4 Nf6 20. Nb5 Nxe4 21. fxe4 Rxe4 22. Ncxd6 Rxg4+ 23. Kh1 f5 24. Nxf5 gxf5 25. Rxf5 a6 26. Nc3 Rb7 27. Raf1 Qd6 28. Bf4 Qg6 29. Bg3 Rd7 30. d6 Qe8 31. Qf2 Qa8+ 32. Qf3 Qxf3+ 33. R1xf3 Bxc3 34. bxc3 Nc6 35. Rf8+ Kg7 36. Rc8 Na7 37. Be5+ Kh6 38. Rc7 Rxc7 39. dxc7 Re4 40. Bg3 Kg7 41. Rd3 Re8 42. Rd8 Kf7 43. Rd5 a5 44. Kg2 Nc8 45. Rd7+ Re7 46. Rd8 Re8 47. Kf3 Na7 48. Kg4 Nc8 49. Kh5 Rf8 50. Kh6 Kg8 51. Bd6 Nxd6 52. Rxd6 Kf7 53. Rd8 1-0

[Event "GBR-ch110 Major Open"]
[Site "Hull"]
[Date "2024.08.04"]
[Round "9.35"]
[White "Britton, Richard"]
[Black "Cawston, M John"]
[Result "1-0"]
[WhiteElo "2112"]
[BlackElo "1776"]
[PlyCount "97"]
[EventDate "2024.07.27"]
[EventType "swiss"]
[EventRounds "9"]
[EventCountry "GBR"]
[SourceTitle "BritBase"]
[Source "John Saunders"]
[SourceDate "2025.02.20"]
[SourceVersion "1"]
[SourceVersionDate "2025.02.20"]
[SourceQuality "1"]

1. e4 c5 2. Nf3 e6 3. d3 g6 4. g3 Bg7 5. Bg2 Nc6 6. O-O Nge7 7. Re1 d6 8. c3 O-O 9. d4 Qc7 10. dxc5 dxc5 11. Be3 b6 12. Qc1 Rd8 13. Bh6 e5 14. Na3 Ba6 15. Bxg7 Kxg7 16. Bf1 Bxf1 17. Kxf1 Rd7 18. Nc2 Rad8 19. Ne3 Qd6 20. Kg2 h6 21. h4 Qe6 22. h5 g5 23. Qc2 f6 24. Qe2 Rd6 25. Qc4 Qxc4 26. Nxc4 R6d7 27. Kf1 b5 28. Ne3 a5 29. a4 b4 30. Nc4 Rd3 31. Re3 Kf7 32. Rxd3 Rxd3 33. Ke2 Rd7 34. Rd1 Rxd1 35. Kxd1 Ke6 36. Nfd2 bxc3 37. bxc3 f5 38. f3 fxe4 39. fxe4 Nc8 40. Nb3 Nd6 41. Nxc5+ Ke7 42. Ne3 Kf6 43. g4 Nf7 44. Ke2 Ke7 45. Kd3 Kd6 46. Kc4 Kc7 47. Nf5 Kb6 48. Kd5 Ncd8 49. Nd7+ 1-0

[Event "GBR-ch110 Major Open"]
[Site "Hull"]
[Date "2024.08.04"]
[Round "9.37"]
[White "Twisk, Sebastian"]
[Black "Kirupakaran, Vishnu"]
[Result "1-0"]
[WhiteElo "1802"]
[BlackElo "1852"]
[PlyCount "45"]
[EventDate "2024.07.27"]
[EventType "swiss"]
[EventRounds "9"]
[EventCountry "GBR"]
[SourceTitle "BritBase"]
[Source "John Saunders"]
[SourceDate "2025.02.20"]
[SourceVersion "1"]
[SourceVersionDate "2025.02.20"]
[SourceQuality "1"]

1. e4 c5 2. c3 Nf6 3. e5 Nd5 4. d4 cxd4 5. Nf3 Nc6 6. cxd4 d6 7. Bc4 Nb6 8. Bb5 a6 9. Bxc6+ bxc6 10. O-O Bg4 11. Bf4 Nd5 12. Bg3 g6 13. Re1 e6 14. Nbd2 Be7 15. Nc4 dxe5 16. Ncxe5 Bxf3 17. Qxf3 O-O 18. Nxc6 Qb6 19. Nxe7+ Nxe7 20. Rad1 Qxb2 21. Bd6 Ra7 22. d5 Qxa2 23. Qf6 1-0

[Event "GBR-ch110 Major Open"]
[Site "Hull"]
[Date "2024.08.04"]
[Round "9.38"]
[White "Guarnieri, Federico"]
[Black "Howorth, Jack"]
[Result "1-0"]
[WhiteElo "1572"]
[BlackElo "1830"]
[PlyCount "77"]
[EventDate "2024.07.27"]
[EventType "swiss"]
[EventRounds "9"]
[EventCountry "GBR"]
[SourceTitle "BritBase"]
[Source "John Saunders"]
[SourceDate "2025.02.20"]
[SourceVersion "1"]
[SourceVersionDate "2025.02.20"]
[SourceQuality "1"]

1. d4 Nf6 2. c4 g6 3. Nc3 d5 4. Nf3 Bg7 5. Bf4 O-O 6. e3 c5 7. dxc5 Qa5 8. Qb3 Ne4 9. Be5 Nxc3 10. bxc3 Bxe5 11. Nxe5 dxc4 12. Bxc4 e6 13. Qb4 Qc7 14. Ng4 Na6 15. Bxa6 bxa6 16. O-O Bb7 17. Qd4 e5 18. Qxe5 Qxe5 19. Nxe5 Rac8 20. Rfd1 Rfe8 21. Nd7 Kg7 22. Rd6 Bc6 23. Rad1 Bxd7 24. Rxd7 Rxc5 25. Rxa7 Rxc3 26. h3 Ra3 27. Rdd7 Rf8 28. Rd2 Rc8 29. g4 h5 30. Kg2 hxg4 31. hxg4 g5 32. Rd5 Rxa2 33. Rxg5+ Kh6 34. Rf5 Rg8 35. Kg3 Rg7 36. Rf6+ Rg6 37. Rfxf7 Ra1 38. f3 a5 39. Rh7+ 1-0

[Event "GBR-ch110 Major Open"]
[Site "Hull"]
[Date "2024.08.04"]
[Round "9.39"]
[White "Ewart, Thomas"]
[Black "Vaidyanathan, Sathya"]
[Result "0-1"]
[WhiteElo "1550"]
[BlackElo "1844"]
[PlyCount "108"]
[EventDate "2024.07.27"]
[EventType "swiss"]
[EventRounds "9"]
[EventCountry "GBR"]
[SourceTitle "BritBase"]
[Source "John Saunders"]
[SourceDate "2025.02.20"]
[SourceVersion "1"]
[SourceVersionDate "2025.02.20"]
[SourceQuality "1"]

1. e4 e5 2. Nf3 Nc6 3. d4 exd4 4. Nxd4 Nf6 5. Nc3 Bb4 6. Nxc6 bxc6 7. Bd3 O-O 8. O-O d5 9. exd5 cxd5 10. Bg5 c6 11. Qf3 h6 12. Bxf6 Qxf6 13. Qxf6 gxf6 14. Ne2 Bd6 15. Ng3 Be5 16. c3 Rb8 17. f4 Bd6 18. b3 Bc5+ 19. Kh1 Re8 20. Rfe1 Bg4 21. Nf5 Bxf5 22. Bxf5 Re3 23. Bd7 Rxc3 24. Bxc6 d4 25. Rac1 Rd8 26. h3 Ba3 27. Rxc3 dxc3 28. Re2 Rc8 29. Be4 Re8 30. Bh7+ Kxh7 31. Rxe8 c2 32. Rc8 c1=Q+ 33. Rxc1 Bxc1 34. g3 Kg6 35. Kg2 Kf5 36. Kf3 Ba3 37. g4+ Ke6 38. Ke4 f5+ 39. Kd4 fxg4 40. hxg4 f5 41. gxf5+ Kxf5 42. Ke3 h5 43. Kf3 h4 44. Kg2 Kxf4 45. Kh3 Kg5 46. Kh2 Kg4 47. Kh1 Kg3 48. Kg1 a5 49. Kh1 Kf3 50. Kg1 Ke3 51. Kf1 Kd3 52. Ke1 Kc2 53. Ke2 Kb2 54. Kd2 h3 0-1